Normal view
MARC view
Entry Personal Name
001 - CONTROL NUMBER
- control field: 1237493
003 - CONTROL NUMBER IDENTIFIER
- control field: OSt
005 - DATE AND TIME OF LATEST TRANSACTION
- control field: 20260430150431.0
008 - FIXED-LENGTH DATA ELEMENTS
- fixed length control field: 260430|| aca||aabn | a|a d
040 ## - CATALOGING SOURCE
- Original cataloging agency: OSt
- Transcribing agency: OSt
100 ## - HEADING--PERSONAL NAME
- Personal name: Tripathi Shreya Au.; Uniyal Prem L. Gu
670 ## - SOURCE DATA FOUND
- Source citation: Work cat.: (OSt)1849771: Tripathi Shreya Au.; Uniyal Prem L. Gu., Studies on the Community Ecology, Fuelwood Consumption Pattern, and Temporal Vegetational Changes in Orchha Wildlife Sanctuary, Madhya Pradesh, 2023
